000 00798cam a2200181 a 4500
001 000007682
005 20200929154247.0
008 750217s1972 ec 001 e spa
040 _aDO-SdBNP
_bspa
_cBNPHU
082 _aE864.44
_bE74v
100 1 _aEscudero, Gonzalo.
_921292
245 1 0 _aVariaciones / :
_bGonzalo Escudero.
260 _aQuito :
_bCasa de la Cultura Ecuatoriana,
_c1972.
300 _a199 p. ;
_c18 cm.
505 0 _aPerfil y drama del Ecuador -- Crespo Toral -- Origen y destino de la poesía -- Andre Gide, habitante de la tierra -- Friso de mujeres en el teatro de Jean Giraudoux -- Il mensaje vital de Francisco Rabelais -- Sino y delirio de Vicente Van Gogh -- La luz cenital de Ruben Dario.
650 4 _aEnsayos ecuatorianos
_93909
650 4 _aLiteratura ecuatoriana
_93938
999 _c7462
_d7462